Top 25 Najpopularniejsze Piosenki Rapowe - Statystyki

Ogólne statystyki
  • Ten quiz został rozwiązany 14 razy
  • Średni wynik to 13 z 25
Statystyki odpowiedzi
Hint Odpowiedź % Poprawnych
Kendrick Lamar HUMBLE.
83%
Post Malone rockstar
75%
Travis Scott goosebumps
67%
Juice WRLD Lucid Dreams
67%
Roddy Ricch The Box
67%
French Montana Unforgettable
67%
Macklemore Can't Hold Us
58%
Drake God's Plan
58%
XXXTENTACION SAD!
58%
Tyler, The Creator See You Again
58%
Wiz Khalifa See You Again
58%
Eminem Without Me
58%
Post Malone Congratulations
50%
Eminem Lose Yourself
50%
XXXTENTACION Moonlight
50%
J. Cole No Role Modelz
50%
Travis Scott SICKO MODE
50%
Lil Uzi Vert XO Tour Llif3
50%
Travis Scott HIGHEST IN THE ROOM
42%
Eminem The Real Slim Shady
42%
Kendrick Lamar All The Stars
33%
Eminem Mockingbird
33%
Eminem Till I Collapse
33%
Lil Nas X INDUSTRY BABY
25%
XXXTENTACION Jocelyn Flores
25%
Nie znaleziono quizów pasujących do podanych kryteriów
Rozkład punktacji
Procent ludzi z każdym wynikiem
Percentyl według liczby udzielonych odpowiedzi
Twoja historia wyników
Nie rozwiązałeś tego quizu